La pequeña mamá

Uloženo v:
Podrobná bibliografie
Hlavní autor: Breuer-Bewer, Berti (Autor)
Médium: Kniha
Jazyk:španělština
Vydáno: Barcelona Vilamala 1967
Edice:Colección Parque Infantil, 6
Témata:
Tagy: Přidat tag
Žádné tagy, Buďte první, kdo vytvoří štítek k tomuto záznamu!

MARC

LEADER 00000nam a2200000 a 4500
001 UCW4724
003 CL-VaPUC
008 900704e19670000SP |||||||||||||||||spa|d
082 0 4 |a 688.722  |b BRE  |2 21 
100 |a Breuer-Bewer, Berti  |e author  |9 341844 
245 1 3 |a La pequeña mamá 
300 |a 44 p 
942 |c BK 
945 |d 19900704 00:00:00 
260 |a Barcelona  |b Vilamala  |c 1967 
650 0 |a Muñecas  |x Juguetes infantiles  |9 309505 
650 7 |a JUGUETES  |2 CL-VaPUC  |9 309284 
650 7 |a TECNICAS MANUALES EDUCACION  |2 CL-VaPUC  |9 307529 
583 |a last modification  |c 19900704 00:00:00  |k Rodrigo Vera 
490 0 |a Colección Parque Infantil, 6 
999 |c 218357  |d 218355 
952 |0 0  |1 0  |4 0  |6 688_722000000000000_BRE_1967  |7 0  |8 P  |9 207808  |a BIBEDU  |b BIBEDU  |c BIBEDU_PB  |d 2019-11-15  |i 2756471  |o 688.722 BRE 1967  |p 2756471  |r 2024-01-25  |w 2019-11-15  |y BK  |k EDU